Commercial law and practice / (Record no. 5184)
[ view plain ]
| 000 -LEADER | |
|---|---|
| fixed length control field | 01184nam a22002417a 4500 |
| 008 - FIXED-LENGTH DATA ELEMENTS--GENERAL INFORMATION | |
| fixed length control field | 120916t xxu||||| |||| 00| 0 eng d |
| 020 ## - INTERNATIONAL STANDARD BOOK NUMBER | |
| International Standard Book Number | 9-7819-0762-4223 |
| 082 ## - DEWEY DECIMAL CLASSIFICATION NUMBER | |
| Edition number | 22 ed. |
| Classification number | 346.07 |
| Item number | EMB |
| 100 ## - MAIN ENTRY--PERSONAL NAME | |
| Personal name | Embley, Judith |
| 9 (RLIN) | 6685 |
| 245 ## - TITLE STATEMENT | |
| Title | Commercial law and practice / |
| Statement of responsibility, etc | Judith Embley, Keir Bamford and Matin Smith |
| 260 ## - PUBLICATION, DISTRIBUTION, ETC. (IMPRINT) | |
| Place of publication, distribution, etc | Guildford : |
| Name of publisher, distributor, etc | College o flaw publishing |
| Date of publication, distribution, etc | 2011 |
| 300 ## - PHYSICAL DESCRIPTION | |
| Extent | xxxiii. ; 465 p. : |
| Dimensions | 30 cm. |
| 500 ## - GENERAL NOTE | |
| General note | Includes Index |
| 650 ## - SUBJECT ADDED ENTRY--TOPICAL TERM | |
| Topical term or geographic name as entry element | Commercial law -- England -- Periodicals |
| 9 (RLIN) | 6686 |
| 650 ## - SUBJECT ADDED ENTRY--TOPICAL TERM | |
| Topical term or geographic name as entry element | Commercial law -- Wales -- Periodicals |
| 9 (RLIN) | 6687 |
| 650 ## - SUBJECT ADDED ENTRY--TOPICAL TERM | |
| Topical term or geographic name as entry element | Commercial law and practice |
| 9 (RLIN) | 6688 |
| 700 ## - ADDED ENTRY--PERSONAL NAME | |
| Personal name | Bamford, Keir |
| 9 (RLIN) | 6689 |
| 700 ## - ADDED ENTRY--PERSONAL NAME | |
| Personal name | Smith, Matin |
| 9 (RLIN) | 6690 |
| 942 ## - ADDED ENTRY ELEMENTS (KOHA) | |
| Source of classification or shelving scheme | Dewey Decimal Classification |
| Item type | Books |
| Withdrawn status | Lost status | Source of classification or shelving scheme | Damaged status | Not for loan | Home library | Current library | Date acquired | Total Checkouts | Full call number | Barcode | Date last seen | Copy number | Price effective from | Koha item type | Public note |
|---|---|---|---|---|---|---|---|---|---|---|---|---|---|---|---|
| Dewey Decimal Classification | Archives | Archives | 09/16/2012 | 346.07 EMB | 3939/2012 | 09/16/2012 | 1 | 09/16/2012 | Books | Reserve book | |||||
| Dewey Decimal Classification | Archives | Archives | 09/16/2012 | 346.07 EMB | 3940/2012 | 09/16/2012 | 2 | 09/16/2012 | Books | Reserve book | |||||
| Dewey Decimal Classification | Archives | Archives | 09/16/2012 | 346.07 EMB | 3941/2012 | 09/16/2012 | 3 | 09/16/2012 | Books | Reserve book |
